The Silmarillion: Who did it? - Statistics

General Stats
  • This quiz has been taken 57 times
  • The average score is 13 of 19
Answer Stats
Hint Answer % Correct
Forged the rings of power Celebrimbor
100%
Was the Lord of Rivendell, and summoned acouncil that formed the Fellowship of the Ring Elrond
100%
Forged the Silmarils, made a horrible oath, killed the Teleri for ships,
had seven sons, hated his brother, and left his wife.
Feanor
100%
Denied Feanor her hair thrice, and gave Gimli the Dward 3 hairs during the Fellowship of the Ring Galadriel
95%
Wanted to go to war over a handful of gems during the Hobbit,also fathered Legolas Greenleaf. Thranduil
87%
Tried to keep Beren from marrying his daughter by trying to send him to hisdoom on an impossible mission to steal a Silmaril. Elu Thingol
84%
Wounded Morgoth in the foot shortly before his death giving Morgotha hard time walking, and fathered Fingon. Fingolfin
82%
Was the only elf known to marry twice Finwe
82%
Stole a Silmaril, killed Finwe, was cast into the void by Earendil, andwill ultimately be defeated by Turin Turambar in the Dagor Dagorath Morgoth
79%
Saved Maedhros from Thangorodrim, and in the processhad to amputate Maedhros hand. Fingon
74%
Betrayed Gondolin to Morgoth Maeglin
71%
Married Idril and was the father of Earendil. Tuor
71%
Attempted to save the twins Elured and Elurin from starving in the woods but sadly failed. Maedhros
61%
Raised Elrond and Elros afterEarendil turned into a star and Elwing turned into a bird Maglor
61%
Shot Beren in the breast intending to kill Luthien in a rage Curufin
55%
Saved Beren's life from Werewolves Finrod Felagund
50%
Served King Thingol and was the leader of the March-Wardens Beleg Cuthalion
18%
Betrayed Turin Turambar to the orcs ofMorgoth Mim the Petty Dwarf
16%
Killed his wife with a javelin by mistake when he meant to killhis son. Eol the Dark Elf
11%
No matching quizzes found
Score Distribution
Percent of People with Each Score
Percentile by Number Answered
Your Score History
You have not taken this quiz